| 000 | 01383nam0a22003011 4500 | ||
|---|---|---|---|
| 001 | rc\2274262 | ||
| 005 | 20260407043236.0 | ||
| 035 | _a(NLR Aleph) 006554607 | ||
| 090 |
_a6777673 _c6777673 |
||
| 100 | _a20110829d1979 |||y0rusy50 ca | ||
| 101 | 0 | _arus | |
| 102 | _aRU | ||
| 105 | _ay z ||||| | ||
| 200 | 1 |
_aВирусный гепатит и его профилактика _e(Метод. письмо) _fТашк. обл. отд-ние Педобщества, Среднеаз. мед. педиатр. ин-т _g[Составители Сургутанова Э.Н., Суворова Г.В.] |
|
| 210 |
_aТашкент _cБ. и. _d1979 |
||
| 215 |
_a19 с. _d20 |
||
| 606 |
_aГепатит эпидемический _xПрофилактика и борьба _2psbo |
||
| 686 |
_aР514.16я8 _2rubbk |
||
| 702 | 1 |
_aСугрутанова _bЭ.Н. _4220 |
|
| 702 | 1 |
_aСуворова _bГ.В. _4220 |
|
| 712 | 0 | 2 |
_aПедагогическое о-во УзССР _cТашкент _bТашкентское обл. отделение _3RU\NLR\AUTH\889978502 _9453550 |
| 712 | 0 | 2 |
_aСреднеазиатский медицинский педиатрический институт _cТашкент _3RU\NLR\AUTH\8810015651 _9529161 |
| 801 | 0 |
_aRU _bNLR _gpsbo |
|
| 801 | 1 |
_aRU _bELAR _2rusmarc |
|
| 852 |
_aNLR _j80-4/6210 |
||
| 899 |
_aRuMoRGB _jM 79-21/865 |
||
| 942 | _cBOOK | ||
| 980 | _aNB | ||